000 01026nam0a22002531 4500
001 rc\3704055
005 20130115152605.7
021 _aRU
_b[70-79893]
035 _a(NLR Aleph) 007855174
090 _a7788685
_c7788685
100 _a20130115d1970 |||y0rusy50 ca
101 0 _arus
102 _aRU
105 _aa z |||||
200 1 _aОсновные положения по оформлению чертежей
_eУчеб. метод. пособие для студентов машиностроит. и технол. специальностей втузов
_fМ-во сел. хоз-ва СССР. Белорус. ин-т механизации сел. хоз-ва
210 _aМинск
_cВышэйш. школа
_d1970
215 _a23 с.
_cчерт.
_d20
608 _aЧертежи
_xОформление
_2psbo
700 1 _aКозловский
_bЮ. Г.
_gЮрий Григорьевич
801 0 _aRU
_bNLR
_gpsbo
801 1 _aRU
_bELAR
_2rusmarc
852 _aNLR
_j70-4/11526
942 _cBOOK
980 _aNB